Statistics for Biggest cities/towns in England

Click here to take the quiz!

General Stats

  • This quiz has been taken 3,586 times
    (3,585 since last reset)
  • The average score is 14 of 25

Answer Stats

PopulationCity/Town% Correct
8,294,058London
100%
1,741,961Manchester
98%
2,293,099Birmingham
95%
830,112Liverpool
94%
596,027Leeds
86%
794,500Newcastle
85%
558,566Bristol
77%
656,160Sheffield
72%
305,887Southampton
69%
667,218Nottingham
68%
447,328Leicester
61%
438,489Portsmouth
61%
280,187Brighton
60%
299,724Hull
52%
295,503Sunderland
50%
417,061Bradford
47%
335,274Coventry
44%
360,810Stoke
43%
373,836Reading
41%
382,536Bournemouth
30%
472,200Middlesbrough
24%
367,976Huddersfield
21%
285,347Wigan
16%
269,714Southend
14%
331,232Birkenhead
4%

Score Distribution

Percentile by Number Answered

Percent of People with Each Score

Your Score History

You have not taken this quiz since the last reset